000 00675nam a2200181 i 4500
001 126375
003 ES-MaACL
005 20230906192816.0
007 t|
008 070214s1910 fr |||| | fre d
100 1 _aRenault, Alex.
_996189
245 1 2 _aL'avenir du syphilitique
_b: méfaits possibles de la syphilis abandonnée áa elle-meme, sa bénignité habituelle quand elle est soumise au traitment et aux lois de l'hygiène /
_cAlex Renault ; préface de M. le Professeur Fournier.
260 _aParis :
_bOctave Doin,
_c1910.
300 _aIV, 301 p. ;
_c18 cm.
650 0 4 _aSífilis.
_917092
700 1 _aFournier, Jean.
_951982
852 _aES-MaACL
_jB-11672
999 _c126375
_d126375